Tosfot u-fisḳe Rid : (Record no. 31520)

MARC details
000 -LEADER
fixed length control field 00894cam a22002531 4500
001 - CONTROL NUMBER
control field he 66000295
003 - CONTROL NUMBER IDENTIFIER
control field DLC
005 - DATE AND TIME OF LATEST TRANSACTION
control field 20260227111436.0
008 - FIXED-LENGTH DATA ELEMENTS--GENERAL INFORMATION
fixed length control field 840125s1962 is 000 0 heb
010 ## - LIBRARY OF CONGRESS CONTROL NUMBER
LC control number he 66000295
035 ## - SYSTEM CONTROL NUMBER
System control number (OCoLC)19162168
040 ## - CATALOGING SOURCE
Original cataloging agency DLC
Transcribing agency MH
Modifying agency DLC
042 ## - AUTHENTICATION CODE
Authentication code premarc
050 00 - LIBRARY OF CONGRESS CALL NUMBER
Classification number BM506.T23
Item number I8 1962
100 0# - MAIN ENTRY--PERSONAL NAME
Personal name Isaiah ben Mali,
Titles and words associated with a name di Trani,
Dates associated with a name approximately 1200-
245 10 - TITLE STATEMENT
Title Tosfot u-fisḳe Rid :
Remainder of title ...ʻal masekhet Taʻanit /
Statement of responsibility, etc. ...me-et Nisan Meʼir Fayvel Zaḳś.
260 ## - PUBLICATION, DISTRIBUTION, ETC.
Place of publication, distribution, etc. Jerusalem :
Name of publisher, distributor, etc. Yotse la-or be-siyuʻa Maʻyan ha-ḥokhmah,
Date of publication, distribution, etc. 723 [1962 or 1963]
300 ## - PHYSICAL DESCRIPTION
Extent 20, 60 p. ;
Dimensions 24 cm.
500 ## - GENERAL NOTE
General note Tosfot Rid and Pisḳe Rid have special title pages.
630 00 - SUBJECT ADDED ENTRY--UNIFORM TITLE
Uniform title Talmud.
Name of part/section of a work Taʻanit
General subdivision Commentaries.
700 1# - ADDED ENTRY--PERSONAL NAME
Personal name Sachs, Nissan,
Relator term ed.
700 0# - ADDED ENTRY--PERSONAL NAME
Personal name Isaiah ben Mali,
Titles and other words associated with a name di Trani,
Dates associated with a name approximately 1200-
Title of a work Piske Rid.
752 ## - ADDED ENTRY--HIERARCHICAL PLACE NAME
Country or larger entity Israel
City Jerusalem

No items available.

Powered by Koha